| 000 | 00534nam a2200157 a 4500 | ||
|---|---|---|---|
| 001 | 000038986 | ||
| 005 | 20201002031440.0 | ||
| 008 | 130510s19uu dr 000 0 spa d | ||
| 040 |
_aDO-SdBNP _bspa _cBNPHU |
||
| 100 | 1 |
_aPérez Mateo, Ramón Mercedes _965235 |
|
| 245 | 1 | 0 |
_aHipótesis sociales siglo XXI : _bconcepción viva y elocuente de un objeto o persona / _cRamón Mercedes Pérez Mateo. |
| 250 | _a2a ed. | ||
| 260 |
_a[Santo Domingo] : _b[s.n.], _c[20-?]. |
||
| 300 |
_a218 p. ; _c22 cm. |
||
| 504 | _aBibliografía : p. 216-218 | ||
| 999 |
_c38476 _d38476 |
||